LEADER 01077nam0-2200361 --450 001 9910268559803321 005 20180523153723.0 017 70$a221069$2U 020 $aIT$b1957 80 100 $a20180523d1957----kmuy0itay5050 ba 101 0 $aita 102 $aIT 105 $ay 001yy 200 1 $aDall'essere all'esistente$fCornelio Fabro 210 $aBrescia$cMorcelliana$d1957 215 $a521 p.$d24 cm 610 0 $aEssere 610 0 $aHeidegger, Martin$aOntologia 610 0 $aHeidegger, Martin$aMetafisica 610 0 $aKierkegaard, Soren$aPensiero filosofico 610 0 $aJaspers, Karl$aPensiero filosofico$aDialettica 610 0 $aHeidegger, Martin$aPensiero filosofico$aOntologia e Metafisica 676 $a111$v20 676 $a110$v20 700 1$aFabro,$bCornelio$0159060 801 0$aIT$bUNINA$gREICAT$2UNIMARC 901 $aBK 912 $a9910268559803321 952 $a111 FAB 1$bBIBL. 29552$fFLFBC 952 $aP.1 FG 2369$bIST.FIL.T.461$fFLFBC 959 $aFLFBC 996 $aDall'essere all'esistente$9204850 997 $aUNINA LEADER 01477nam 2200361Ia 450 001 996386886903316 005 20221108034434.0 035 $a(CKB)4940000000078151 035 $a(EEBO)2240953183 035 $a(OCoLC)12626207 035 $a(EXLCZ)994940000000078151 100 $a19851002d1657 uy | 101 0 $aeng 135 $aurbn||||a|bb| 200 12$aA vindication of Scripture and ministery$b[electronic resource] $ein a rejoynder to a reply not long since published by Thomas Speed ... : wherein sundry Scriptures are explained, divers questions (relating to these times) discussed, and the truth asserted against the exceptions of papists and Quakers : whereunto is adjoyned a postscript reflecting upon and returning answer to divers passages in Thomas Speed his last pamphlet /$fby William Thomas .. 210 $aLondon $cPrinted for Edward Thomas ...$d1657 215 $a[8], 80, [10] p 300 $aA reply to Thomas Speed's "The guilty-covered clergy-man unvailed." 300 $aReproduction of original in Bodleian Library. 330 $aeebo-0014 606 $aSociety of Friends$vControversial literature 615 0$aSociety of Friends 700 $aThomas$b William$f1593-1667.$0845280 801 0$bEAA 801 1$bEAA 801 2$bOCL 801 2$bEAA 801 2$bm/c 801 2$bWaOLN 906 $aBOOK 912 $a996386886903316 996 $aA vindication of Scripture and ministery$92401604 997 $aUNISA